NLSUI OPAC header image

Telangana Social Development Report 2018 : (Record no. 207722)

MARC details
000 -LEADER
fixed length control field 00524nam a22001577a 4500
005 - DATE AND TIME OF LATEST TRANSACTION
control field 20220509171453.0
008 - FIXED-LENGTH DATA ELEMENTS--GENERAL INFORMATION
fixed length control field 210216b2018 ||||| |||| 00| 0 eng
020 ## - INTERNATIONAL STANDARD BOOK NUMBER
International Standard Book Number 9788193842812
082 ## - DEWEY DECIMAL CLASSIFICATION NUMBER
Classification number 338.9 KAN
100 ## - MAIN ENTRY--PERSONAL NAME
Dates associated with a name Kannabiran Kalpana
245 ## - TITLE STATEMENT
Title Telangana Social Development Report 2018 :
Remainder of title Gender, Access and Well Being
260 ## - PUBLICATION, DISTRIBUTION, ETC.
Place of publication, distribution, etc. Hyderabad
Name of publisher, distributor, etc. Council For Social Development
Date of publication, distribution, etc. 2018
630 ## - SUBJECT ADDED ENTRY--UNIFORM TITLE
Form subdivision India Development Report - Social - 2018
856 ## - ELECTRONIC LOCATION AND ACCESS
Host name Table of Contents
Uniform Resource Identifier <a href="http://14.139.60.153 ">http://14.139.60.153 </a>
942 ## - ADDED ENTRY ELEMENTS (KOHA)
Source of classification or shelving scheme Dewey Decimal Classification
Koha item type BOOKs
Holdings
Withdrawn status Lost status Source of classification or shelving scheme Materials specified (bound volume or other part) Damaged status Not for loan Home library Current library Shelving location Date acquired Source of acquisition Total Checkouts Full call number Barcode Date last seen Price effective from Koha item type Public note
    Dewey Decimal Classification PB     NLS NLS NAB Compactor 16/02/2021 Gratis   338.9 KAN 38284 16/02/2021 16/02/2021 BOOKs Donated By Kalpana Kannabiran From C F S D, Hyderabad